Estadísticas para Países con el Mayor Número de Vecinos

Haz click aquí para intentar la prueba.

Estadísticas generales

  • Esta prueba ha sido intentada 2.604 veces
  • La puntuación promedio es 11 de 17

Estadísticas de respuestas

#País% Correcto
18China
95%
19Rusia
95%
13Alemania
85%
10Brasil
80%
12R. D. Congo
79%
14Francia
78%
11Austria
65%
17Italia
65%
16Irán
64%
12Serbia
63%
13Polonia
61%
14Arabia Saudita
59%
11Hungría
59%
12Turquía
59%
13Croacia
48%
11Bosnia y Herzegovina
40%
10Bulgaria
33%

Distribución de puntuación

Porcentaje por número respondido

Porcentaje de gente con cada puntuación

Historial de tus puntuaciones

No has intentado esta prueba.